00499 2200169 4500001002100000008004100021035002000062245008500082100003300167260003900200300001300239020002200252084001400274082000800288650001400296990001900310INLIS000000000003148 ind  a0010-0724003148 aSeni Motivasi DiribStrategi Mengubah Mimpi Menjadi TakdircDeesis Edith Mesiani aBrian Tracy with Dan Struzel aJakartabBhuana Ilmu Populerc2019 a347 hlm. a978-623-216-289-1 a150 BRI s a150 aNon Fiksi aP29/CP/24/3148